| 000 | 00792nam a2200241 a 4500 | ||
|---|---|---|---|
| 005 | 20240524071311.0 | ||
| 008 | 220310s2021 vm vie d | ||
| 020 | _a9786043350005 | ||
| 040 |
_aDLC _bvie _eAACR2 |
||
| 041 | 0 | _avie | |
| 082 | 0 | _a133.335 | |
| 100 | 1 | _aPhillips, David A | |
| 245 | 1 | 0 |
_aThay đổi cuộc sống với nhân số học _b: The complete book of numerology _c/ David A. Phillips; Lê Đỗ Quỳnh Hương dịch |
| 246 | 1 | 1 | _aThe complete book of numerology |
| 250 | _aTái bản lần 5 | ||
| 260 |
_aTP. Hồ Chí Minh _b: Tổng hợp TP. Hồ Chí Minh _c, 2021 |
||
| 300 |
_a415 tr. _c; 21 cm |
||
| 653 | 0 | _aNumerology | |
| 653 | 4 |
_aNhân số học _aBói toán |
|
| 653 | 0 | _aFortune-telling | |
| 700 | 1 | _aLê, Đỗ Quỳnh Hương | |
| 942 |
_2ddc _cBK |
||
| 999 |
_c11 _d11 |
||